Still Game A-Z - Statistics

General Stats
  • This quiz has been taken 202 times
  • The average score is 18 of 26
Answer Stats
Letter Hint Answer % Correct
C Fictional area the show is set in. Craiglang
88%
J The shorter of the main duo Jack
86%
I The nosey neighbour. Isa
85%
G City the show is set in. Glasgow
83%
N Name of the local shopkeeper. Navid
82%
A Hermit who leaves his flat for an episode. Archie
81%
P What J smokes. Pipe
79%
F Fictional seaside town Winston moved to. Finnport
77%
V The taller of the main duo. Victor
77%
L Where Frances (and eventually Mick) worked. Library
75%
O Name of the flats the main duo lived in. Osprey Heights
73%
M Dirty neighbour who liked machines. Manky Frankie
72%
Q The Royal Infirmaries was the name of a team in the pub... Quiz
72%
U Sheathing's job. Undertaker
70%
K River the group went sailing down. Kelvin
69%
S Country V's son lives in. South Africa
69%
W What J's doormat accidentally said. Weclome
69%
H This shop nearly put N out of business. Hyperdales
66%
D Food stuff that made bus driver Davie go crazy. Doughnuts
64%
E "I want to sing in the choir". Edith
60%
X What kind of film Boaby made. X rated
57%
Y Big Innes chased out the neds in the Craiglang... Young Team
45%
Z Name of the dog V looked after for a week. Zeus
45%
B TV show the Clansman featured on. Blighty's hardest boozers
44%
T What V says to J when he starts havering. That's plenty
40%
R Apparently she was Tommy's bit on the side. Rose Marie
36%
No matching quizzes found
Score Distribution
Percent of People with Each Score
Percentile by Number Answered
Your Score History
You have not taken this quiz